| 000 | 00508nam a22001937a 4500 | ||
|---|---|---|---|
| 003 | MPLRDC | ||
| 005 | 20220104200844.0 | ||
| 008 | 210129b ||||| |||| 00| 0 eng d | ||
| 020 | _a978-988-18872-9-0 | ||
| 082 | _a982.533 LJM-2 | ||
| 100 | _a李居明 | ||
| 245 |
_a怡然二梦 _c苏楚岚 监制 |
||
| 250 | _a初版 | ||
| 260 |
_a香港 _b居明正堂 _c2015 |
||
| 300 | _b平 | ||
| 490 | _a李居明粤剧戏宝作品选: 2 | ||
| 650 | _a中国地方戏剧--粤剧 | ||
| 942 |
_cNB _o982.533 LJM-2 |
||
| 999 |
_c66901 _d66891 |
||